Public- private partnership for development of tele-communication infrastructure in remote border areas of India (Record no. 502349)

000 -LEADER
fixed length control field 00615cam a22001457a 4500
008 - FIXED-LENGTH DATA ELEMENTS--GENERAL INFORMATION
fixed length control field 180718b2011 xxu||||| |||| 00| 0 eng d
082 ## - DEWEY DECIMAL CLASSIFICATION NUMBER
Classification number APPPA 2010-11/LAM
100 ## - MAIN ENTRY--PERSONAL NAME
Personal name Lamba, Gurcharan SIngh
245 ## - TITLE STATEMENT
Title Public- private partnership for development of tele-communication infrastructure in remote border areas of India
Statement of responsibility, etc. by Gurcharan Singh Lamba
260 ## - PUBLICATION, DISTRIBUTION, ETC.
Place of publication, distribution, etc. New Delhi
Name of publisher, distributor, etc. Indian Institute of Public Administration
Date of publication, distribution, etc. 2011
300 ## - PHYSICAL DESCRIPTION
Extent 98p.
500 ## - GENERAL NOTE
General note An APPPA M.Phil dissertation, 2010-11 (Guide: Prof. Nand Dhameja)
650 ## - SUBJECT ADDED ENTRY--TOPICAL TERM
Topical term or geographic name entry element Telecommunication --India
650 ## - SUBJECT ADDED ENTRY--TOPICAL TERM
Topical term or geographic name entry element Public-private sector cooperation --India
Holdings
Withdrawn status Lost status Damaged status Not for loan Permanent Location Current Location Date acquired Full call number Barcode Date last seen Price effective from Koha item type
        Indian Institute of Public Administration Indian Institute of Public Administration 2018-08-04 APPPA 2010-11/LAM GR18622 2018-08-04 2018-08-04 GR

Powered by Koha